00346nam a2200145Ia 4500003000400000005001700004008004100021020000700062040002700069100002500096245005000121260001200171260000900183300000800192OSt20240321103905.0170523s9999 xx 000 0 und d aNA cIIMT UNIVERSITY MEERUT aForster & Palastanga 0aClayton's Electrotherapy: Theory and Practice aCBS Pub c2005 a233